DONDE SURGEN LAS SOMBRAS (Registro nro. 32533)
[ vista simple ]
| 000 -LEADER | |
|---|---|
| fixed length control field | 00772nam a2200193 a 4500 |
| 001 - CONTROL NUMBER | |
| control field | 32533 |
| 005 - DATE AND TIME OF LATEST TRANSACTION | |
| control field | 20180714000144.0 |
| 008 - FIXED-LENGTH DATA ELEMENTS--GENERAL INFORMATION | |
| fixed length control field | 140415s2008 000 0 spa d |
| 020 ## - INTERNATIONAL STANDARD BOOK NUMBER | |
| International Standard Book Number | 9786074550375 |
| 041 ## - LANGUAGE CODE | |
| Language code of text/sound track or separate title | spa |
| 082 ## - DEWEY DECIMAL CLASSIFICATION NUMBER | |
| Classification number | 863 |
| Item number | LOZ |
| 100 1# - MAIN ENTRY--PERSONAL NAME | |
| Personal name | LOZANO GARBALA, DAVID |
| 245 10 - TITLE STATEMENT | |
| Title | DONDE SURGEN LAS SOMBRAS |
| 250 ## - EDITION STATEMENT | |
| Edition statement | 3° EDICIÓN |
| 260 ## - PUBLICATION, DISTRIBUTION, ETC. | |
| Place of publication, distribution, etc. | [s.l.] : |
| Name of publisher, distributor, etc. | MC GRAW HILL, |
| Date of publication, distribution, etc. | 2008 |
| 300 ## - PHYSICAL DESCRIPTION | |
| Extent | 281 |
| Dimensions | 23 x 6 x 23 |
| 520 ## - SUMMARY, ETC. | |
| Summary, etc. | ES UNA NOVELA QUE ENGANCHA DESDE EL PRINCIPIO, AUNQUE SU TRAMA ES UN TANTO ROCAMBOLESCA, (A LO MEJOR NO TANTO) ESTÁ ESCRITA CON UN ESTILO DIRECTO Y RÁPIDO QUE TE ATRAPA DESDE SU PRIMERA HASTA SU ÚLTIMA PÁGINA, POR PONERLE UN PERO, FINAL PREVISIBLE, PERO MUY ENTRETENIDA Y RÁPIDA DE LEER. |
| 650 14 - SUBJECT ADDED ENTRY--TOPICAL TERM | |
| Topical term or geographic name entry element | LEYENDAS |
| Withdrawn status | Lost status | Source of classification or shelving scheme | Damaged status | Not for loan | Collection code | Home library | Current library | Shelving location | Date acquired | Source of acquisition | Total Checkouts | Full call number | Barcode | Date last seen | Date last checked out | Price effective from | Koha item type |
|---|---|---|---|---|---|---|---|---|---|---|---|---|---|---|---|---|---|
| Dewey Decimal Classification | General | Tehuacán | Tehuacán | Sala general | 03/12/2013 | Compra | 1 | 863 LOZ | 507476 | 08/01/2025 | 02/10/2019 | 03/12/2013 | Libro |